Дело о выдаче поспектакльного вознаграждения Рафаилу Зотову за представление на Московском театре пьесы его сочинения "Булат Тем...

RUSMARC
00006196cbc2a2200000#x 450
001fccd0893-52ca-4162-8f23-30440a92f21a
00520191217165546.0
100##$a20170626l18451845k l0rusy0189 ca
1010#$arus
102##$aRU
2001#$aДело о выдаче поспектакльного вознаграждения Рафаилу Зотову за представление на Московском театре пьесы его сочинения "Булат Темир"
$j12-18 октября 1845 г.
251##$cДело
300##$aПо Санкт-Петербургской дирекции за 1845 год
300##$aОригинальный заголовок дела: Дело по отношению Конторы московских театров с препровождением денег для отдачи господину Зотову, за представление на московских театрах пьесы его сочинения "Булат Темир". 12 октября - 18 октября 1845 г.
300##$aРукописный текст. Чернила
801#0$aRU
$bРГИА
$c20170626
801#1$aRU
$bГлавНИВЦ
$c20170626
$2rusmarc
801#2$aRU
$bПБ им. Б.Н. Ельцина
$c20181224
$gRCR
$2rusmarc
850##$aФедеральное казенное учреждение "Российский государственный исторический архив" (РГИА)
852##$aРГИА
$j10506
937##$hРГИА
$d12244990
$aASBIBLIO_SCAN
462#0$1001dd3991dc-24e1-42ec-8838-ca4255420416
$12001
$a1746-1850 гг.
$vД. 10506
$1251
$cОпись
$1852
$j1
461#0$10019264ebf8-de62-4f1a-9eb4-9f22098dbbd5
$12001
$aДирекция императорских театров МИДв
$1251
$cФонд
$1852
$j497
215##$a4 листа
$d36,5х26 см
371##$aДокумент не является опубликованным и широко распространяемым
105##$ay###
1222#$ad18451012##
$ad18451018##
5171#$aДело по отношению Конторы московских театров с препровождением денег для отдачи господину Зотову, за представление на московских театрах пьесы его сочинения "Булат Темир"
$e12 октября - 18 октября 1845 г.
035##$afccd0893-52ca-4162-8f23-30440a92f21a
856##$uhttp://readingroom.main.prlib.ru/item.aspx?id_node=n122243259&mode=full
600#1$2prlib_sh
$3LIBNET\UAF\0000086651
$aЗотов
$bР.М.
$gРафаил Михайлович
$f1795-1871
$jДокументы и материалы
6061#$2prlib_sh
$3LIBNET\UAF\0000086645
$aТеатральные работники
$xВознаграждение
$yРоссия
$jДокументы и материалы
60101$2prlib_sh
$3LIBNET\UAF\0000084209
$aРоссия
$bДирекция императорских театров
$bМосковская контора
$jДокументы и материалы
686##$2rubbk
$a63.3(2)521-7
$vLBC/M
686##$a85.334
$vLBC/M
$2rubbk
605##$2acquisition_Prlib
$3LIBNET\UAF\0000080478
$aГод театра в России
$lколлекция
605##$2acquisition_Prlib
$3DITM\AF\0000004166
$aРоссия в лицах
$lколлекция
Формат отображения